| 000 | 00358nam a2200109Ia 4500 | ||
|---|---|---|---|
| 008 | 200302s9999 xx 000 0 und d | ||
| 100 | _aAnn Bookman | ||
| 245 | _aStarting Our Own Backyards:How Working Families Can Build Community And Survive The New Economy | ||
| 260 | _bRoutledge Taylor & Francis Group, London and NewYork | ||
| 260 | _c2004 | ||
| 300 | _a306 P | ||
| 999 |
_c4864 _d4864 |
||